[Event "Schachfestival Basel"]
[Site "?"]
[Date "2017.01.04"]
[Round "4.17"]
[White "Metz, Hartmut"]
[Black "Alvarez Marquez, Johan"]
[Result "0-1"]
[WhiteElo "2255"]
[BlackElo "2404"]
[PlyCount "93"]
[EventDate "2017.01.??"]
[EventType "swiss"]
[EventRounds "9"]

1. e4 c5 2. Nf3 Nc6 3. d4 cxd4 4. Nxd4 g6 5. Nc3 Bg7 6. Nde2 Nf6 7. g3 O-O 8.
Bg2 d6 9. O-O Rb8 10. h3 b5 11. a3 a5 12. Nd5 Nd7 13. c3 Bb7 14. Be3 e6 15.
Ndf4 Nce5 16. Nd3 Nc4 17. Bf4 e5 18. Bc1 Nf6 19. b3 Nb6 20. Bg5 Qc7 21. Bxf6
Bxf6 22. Nb2 Rfd8 23. Qc2 d5 24. exd5 Bxd5 25. Bxd5 Nxd5 26. a4 b4 27. c4 e4
28. Rad1 Nc3 29. Rxd8+ Rxd8 30. Nd1 Rd3 31. Nf4 Bd4 32. Kh2 Rxd1 33. Rxd1 Nxd1
34. Qxd1 Bxf2 35. Qe2 Bxg3+ 36. Kxg3 Qe5 37. h4 h6 38. Qg4 g5 39. hxg5 hxg5 40.
Kg2 Qxf4 41. Qc8+ Kg7 42. c5 e3 43. c6 Qe4+ 44. Kh3 e2 45. c7 e1=Q 46. Qh8+
Kxh8 47. c8=Q+ 0-1

[Event "Schachfestival Basel"]
[Site "?"]
[Date "2017.01.04"]
[Round "4.18"]
[White "Filipovic, Branko"]
[Black "Gomes, Mary Ann"]
[Result "1/2-1/2"]
[WhiteElo "2402"]
[BlackElo "2299"]
[PlyCount "42"]
[EventDate "2017.01.??"]
[EventType "swiss"]
[EventRounds "9"]

1. d4 g6 2. e4 Bg7 3. Nc3 d6 4. f4 a6 5. Nf3 Nd7 6. Bc4 e6 7. a4 Ne7 8. Bd3 c5
9. Be3 cxd4 10. Bxd4 e5 11. fxe5 Nc6 12. Be3 Ndxe5 13. Nd5 Nxf3+ 14. Qxf3 O-O
15. O-O Be6 16. Bb6 Qh4 17. g3 Qg5 18. Be3 Qd8 19. Bb6 Qg5 20. Be3 Qd8 21. Bb6
Qg5 1/2-1/2

[Event "Schachfestival Basel"]
[Site "?"]
[Date "2017.01.04"]
[Round "4.19"]
[White "Rahnfeld, Jens"]
[Black "Beukema, Stefan"]
[Result "0-1"]
[WhiteElo "2274"]
[BlackElo "2398"]
[PlyCount "96"]
[EventDate "2017.01.??"]
[EventType "swiss"]
[EventRounds "9"]

1. e4 e5 2. Nf3 Nc6 3. d4 exd4 4. Nxd4 Nf6 5. Nxc6 bxc6 6. e5 Qe7 7. Qe2 Nd5 8.
c4 Ba6 9. Nd2 g6 10. Nf3 Bg7 11. Bg5 f6 12. exf6 Qxe2+ 13. Bxe2 Nxf6 14. O-O-O
Rb8 15. Be3 d6 16. Bxa7 Rb4 17. Bd4 Bxc4 18. Rhe1 O-O 19. Bxc4+ Rxc4+ 20. Kb1
c5 21. Bc3 Rb8 22. Rd3 Rg4 23. g3 Re4 24. Rdd1 d5 25. Ng5 Rxe1 26. Rxe1 d4 27.
Ba5 Nd5 28. Ne6 Rb5 29. Nxc7 Nxc7 30. Bxc7 c4 31. f4 d3 32. Be5 c3 33. b3 Rd5
34. Rf1 Bxe5 35. fxe5 Rxe5 36. b4 Re2 37. Rc1 Rb2+ 38. Ka1 Rxh2 39. Rxc3 d2 40.
Rd3 Rh1+ 41. Kb2 d1=Q 42. Rxd1 Rxd1 43. Kc2 Ra1 44. Kb2 Re1 45. a4 Kf7 46. a5
Ke7 47. a6 Re6 48. b5 Rb6 0-1

[Event "Schachfestival Basel"]
[Site "?"]
[Date "2017.01.04"]
[Round "4.20"]
[White "Anwesh, Upadhyaya"]
[Black "Meier, Volker"]
[Result "1/2-1/2"]
[WhiteElo "2384"]
[BlackElo "2284"]
[PlyCount "130"]
[EventDate "2017.01.??"]
[EventType "swiss"]
[EventRounds "9"]

1. e4 c5 2. Nc3 Nc6 3. Nge2 g6 4. d4 cxd4 5. Nxd4 Bg7 6. Be3 Nf6 7. Bc4 O-O 8.
Bb3 d6 9. h3 Bd7 10. O-O a6 11. Re1 Na5 12. Qd3 Nxb3 13. axb3 Qc7 14. Rad1 Rac8
15. Bg5 Bc6 16. Re2 Rfe8 17. Nxc6 Qxc6 18. Nd5 Nxd5 19. exd5 Qd7 20. c3 h6 21.
Bh4 e5 22. dxe6 Rxe6 23. Bg3 Rxe2 24. Qxe2 d5 25. Bf4 Re8 26. Be3 Re5 27. Qd2
Qe6 28. Qd3 h5 29. Kf1 g5 30. Bd4 Rf5 31. Re1 Qg6 32. Re8+ Kh7 33. Kg1 g4 34.
h4 Bxd4 35. Qxd4 Qg7 36. Qxg7+ Kxg7 37. Re7 b5 38. Ra7 d4 39. Rxa6 Rd5 40. Ra1
dxc3 41. bxc3 b4 42. cxb4 Rd3 43. Rb1 Rd4 44. b5 Rb4 45. Kf1 Kf6 46. Ke2 Ke5
47. b6 Ke4 48. b7 Rxb7 49. b4 Rb5 50. Rb3 f5 51. Kd2 Kd4 52. Kc2 f4 53. Rd3+
Kc4 54. Rc3+ Kd4 55. Kb3 Rf5 56. Rc4+ Kd3 57. Rc5 Rf8 58. Re5 f3 59. g3 Rc8 60.
Re3+ Kd4 61. Re7 Rc1 62. Rd7+ Ke5 63. Rd2 Re1 64. Kc2 Re2 65. Kc3 Rxd2 1/2-1/2

[Event "Schachfestival Basel"]
[Site "?"]
[Date "2017.01.04"]
[Round "4.21"]
[White "Nguyen, Kevin"]
[Black "Botta, Gabriele"]
[Result "0-1"]
[WhiteElo "2122"]
[BlackElo "2377"]
[PlyCount "84"]
[EventDate "2017.01.??"]
[EventType "swiss"]
[EventRounds "9"]

1. e4 c5 2. Nc3 a6 3. g3 b5 4. Bg2 Bb7 5. d3 e6 6. Nh3 b4 7. Nb1 Nf6 8. O-O Be7
9. Be3 O-O 10. f4 d6 11. Nd2 Qc7 12. g4 Nfd7 13. f5 exf5 14. gxf5 Nc6 15. Nf4
Nf6 16. Bf2 Ne5 17. h3 Rfd8 18. Qe2 a5 19. Nf3 a4 20. a3 d5 21. Nd2 bxa3 22.
bxa3 d4 23. Bg3 Bd6 24. Nh5 Nxh5 25. Qxh5 f6 26. Bf4 Rab8 27. Nf3 Ba6 28. Bxe5
Bxe5 29. Nxe5 Qxe5 30. Rfb1 c4 31. dxc4 Bxc4 32. Qf3 Qc5 33. Kh2 Ba6 34. Qf4
Rxb1 35. Rxb1 Qxc2 36. Rc1 Qb2 37. Rc6 d3 38. Qc7 Rc8 39. Qe7 Qb8+ 40. Rd6 Re8
41. Qxe8+ Qxe8 42. Rxa6 Qb8+ 0-1

[Event "Schachfestival Basel"]
[Site "?"]
[Date "2017.01.04"]
[Round "4.22"]
[White "Benkovic, Petar"]
[Black "Kappeler, Kaspar"]
[Result "1/2-1/2"]
[WhiteElo "2424"]
[BlackElo "2241"]
[PlyCount "45"]
[EventDate "2017.01.??"]
[EventType "swiss"]
[EventRounds "9"]

1. Nf3 d5 2. d4 Nf6 3. c4 e6 4. Nc3 Be7 5. cxd5 exd5 6. Bg5 c6 7. e3 Bf5 8. Bd3
Bxd3 9. Bxf6 Bxf6 10. Qxd3 O-O 11. b4 a6 12. O-O Be7 13. Rab1 Nd7 14. a4 Nb6
15. Nd2 Bd6 16. a5 Nc8 17. e4 dxe4 18. Ndxe4 Ne7 19. Rfe1 Qc7 20. Nxd6 Qxd6 21.
Qg3 Qxg3 22. hxg3 Rfe8 23. Ne4 1/2-1/2

[Event "Schachfestival Basel"]
[Site "?"]
[Date "2017.01.04"]
[Round "4.23"]
[White "Mesaros, Florian"]
[Black "Keetman, Maaike"]
[Result "1-0"]
[WhiteElo "2372"]
[BlackElo "2232"]
[PlyCount "97"]
[EventDate "2017.01.??"]
[EventType "swiss"]
[EventRounds "9"]

1. Nf3 Nf6 2. c4 g6 3. Nc3 Bg7 4. e4 d6 5. d4 O-O 6. Be2 e5 7. d5 a5 8. O-O Na6
9. Bg5 Qe8 10. Qc2 Nd7 11. Bd2 f5 12. Ng5 Nf6 13. exf5 gxf5 14. f3 h6 15. Ne6
Bxe6 16. dxe6 Qxe6 17. Nd5 Kh8 18. Nxf6 Rxf6 19. Bxa5 b6 20. Bc3 Rg8 21. b4 Nb8
22. a4 Rg6 23. Bd3 e4 24. fxe4 Rxg2+ 25. Kxg2 Bxc3+ 26. Kh1 Bxa1 27. Rxa1 Qe5
28. Rf1 f4 29. Qf2 Qg5 30. c5 Nc6 31. cxd6 cxd6 32. e5 Nxb4 33. Be4 d5 34. Bf3
Nd3 35. Qxb6 Nxe5 36. Bxd5 f3 37. Rg1 Qxg1+ 38. Qxg1 Rxg1+ 39. Kxg1 Nd7 40. a5
Nc5 41. Kf2 Kg7 42. Kxf3 Kf6 43. Kf4 Nd3+ 44. Ke4 Nb4 45. Kd4 Ke7 46. Kc5 Na6+
47. Kb6 Nb8 48. Bc6 Kd6 49. Ba4 1-0

[Event "Schachfestival Basel"]
[Site "?"]
[Date "2017.01.04"]
[Round "4.24"]
[White "Van Foreest, Lucas"]
[Black "Ruff, Maximilian"]
[Result "1-0"]
[WhiteElo "2356"]
[BlackElo "2228"]
[PlyCount "107"]
[EventDate "2017.01.??"]
[EventType "swiss"]
[EventRounds "9"]

1. e4 c5 2. Nf3 e6 3. d3 d5 4. Qe2 Be7 5. g3 Nc6 6. Bg2 Nf6 7. O-O b6 8. Re1
Bb7 9. e5 Nd7 10. h4 Qc7 11. c4 d4 12. Na3 a6 13. Nc2 h6 14. h5 O-O-O 15. a3
Rdg8 16. b4 g6 17. hxg6 Rxg6 18. a4 h5 19. a5 h4 20. axb6 Qxb6 21. bxc5 Qxc5
22. Bf4 h3 23. Bh1 h2+ 24. Kf1 Ncxe5 25. Bxe5 Nxe5 26. Qxe5 Qxe5 27. Rxe5 Bxf3
28. Bxf3 h1=Q+ 29. Bxh1 Rxh1+ 30. Ke2 Rh2 31. Nxd4 Bf6 32. Rc5+ Kd7 33. Nf3
Rxf2+ 34. Kxf2 Bxa1 35. Ra5 Bc3 36. Rxa6 f5 37. d4 Rg8 38. Ra3 Bb2 39. Rb3 Ba1
40. c5 Ra8 41. Ke3 Ra4 42. Rb7+ Kc6 43. Rb6+ Kd7 44. Rd6+ Ke7 45. Ne5 Bb2 46.
Rd7+ Kf6 47. c6 Ra3+ 48. Nd3 e5 49. d5 e4 50. c7 Bc1+ 51. Kf2 Ra2+ 52. Kf1 Rc2
53. Rd6+ Ke7 54. Rc6 1-0

[Event "Schachfestival Basel"]
[Site "?"]
[Date "2017.01.04"]
[Round "4.25"]
[White "Zwahr, Paul"]
[Black "Jakel, Wolfgang"]
[Result "1/2-1/2"]
[WhiteElo "2325"]
[BlackElo "2223"]
[PlyCount "137"]
[EventDate "2017.01.??"]
[EventType "swiss"]
[EventRounds "9"]

1. e4 e5 2. Nf3 Nf6 3. Nxe5 d6 4. Nf3 Nxe4 5. d4 d5 6. Bd3 Bd6 7. O-O O-O 8. c4
c6 9. Qc2 Na6 10. a3 Bg4 11. Ne5 Bh5 12. Nd2 f6 13. Nef3 f5 14. cxd5 cxd5 15.
Ne5 Nc7 16. Qb3 Kh8 17. f3 Nc5 18. Qc2 Nxd3 19. Qxd3 Ne6 20. Re1 Qh4 21. Re3
Qxd4 22. Nb3 Qxd3 23. Nxd3 Rfe8 24. Bd2 Bc7 25. Ba5 b6 26. Bc3 Bd6 27. Bb4 Rad8
28. Bxd6 Rxd6 29. Rae1 d4 30. Re5 Kg8 31. g4 Bf7 32. gxf5 Nc7 33. Nd2 Kf8 34.
Rxe8+ Nxe8 35. Ne4 Rd5 36. Ng3 Nd6 37. Ne5 Be8 38. f4 d3 39. Rd1 d2 40. b3 Nf7
41. Nc4 Bb5 42. Nxd2 Nd6 43. Kf2 Bd7 44. Ke1 Bxf5 45. Ndf1 Be6 46. Rxd5 Bxd5
47. b4 Nc4 48. a4 a5 49. bxa5 bxa5 50. Nf5 Bc6 51. N1e3 Nb2 52. Nd6 Bxa4 53.
Nb7 Nd3+ 54. Kf1 Nxf4 55. Nxa5 Kf7 56. Kf2 Kf6 57. Kf3 Ne6 58. Nac4 Bc6+ 59.
Kg3 h5 60. h4 Nc5 61. Kf4 Nd3+ 62. Kg3 g5 63. Nd2 Ne5 64. Nec4 Ng6 65. hxg5+
Kxg5 66. Nf3+ Bxf3 67. Kxf3 h4 68. Ne3 Ne5+ 69. Kg2 1/2-1/2

[Event "Schachfestival Basel"]
[Site "?"]
[Date "2017.01.04"]
[Round "4.26"]
[White "Eichler, Christoph"]
[Black "Tschann, Stephan"]
[Result "1/2-1/2"]
[WhiteElo "2312"]
[BlackElo "2208"]
[PlyCount "35"]
[EventDate "2017.01.??"]
[EventType "swiss"]
[EventRounds "9"]

1. e4 e5 2. Nf3 Nc6 3. Bc4 Bc5 4. c3 Nf6 5. d3 d6 6. O-O a6 7. a4 h6 8. Na3 O-O
9. Nc2 Be6 10. Bxe6 fxe6 11. Be3 Bxe3 12. Nxe3 Qe8 13. Qc2 Nh5 14. Rad1 Nf4 15.
Ne1 Kh8 16. Rd2 Rd8 17. g3 Nh5 18. N1g2 1/2-1/2

[Event "Schachfestival Basel"]
[Site "?"]
[Date "2017.01.04"]
[Round "4.27"]
[White "Cholleti, Sahajasri"]
[Black "Hamblok, Roel"]
[Result "1/2-1/2"]
[WhiteElo "1987"]
[BlackElo "2294"]
[PlyCount "43"]
[EventDate "2017.01.??"]
[EventType "swiss"]
[EventRounds "9"]

1. Nf3 f5 2. d4 e6 3. g3 Nf6 4. Bg2 Be7 5. O-O O-O 6. c4 d6 7. Nc3 Ne4 8. Nxe4
fxe4 9. Nd2 d5 10. f3 Nc6 11. fxe4 Rxf1+ 12. Nxf1 dxc4 13. Be3 b5 14. a4 b4 15.
e5 Bb7 16. Qc2 Qc8 17. Nd2 c3 18. bxc3 bxc3 19. Qxc3 Nb4 20. Bxb7 Qxb7 21. Rb1
a5 22. Bf2 1/2-1/2

[Event "Schachfestival Basel"]
[Site "?"]
[Date "2017.01.04"]
[Round "4.28"]
[White "Bluhm, Sonja Maria"]
[Black "Guennigmann, Manuel"]
[Result "1/2-1/2"]
[WhiteElo "2276"]
[BlackElo "2183"]
[PlyCount "82"]
[EventDate "2017.01.??"]
[EventType "swiss"]
[EventRounds "9"]

1. d4 Nf6 2. Bf4 g6 3. Nc3 d5 4. Qd2 Bg7 5. Bh6 Bxh6 6. Qxh6 c6 7. e3 Qd6 8. f3
Nbd7 9. O-O-O e5 10. dxe5 Qxe5 11. e4 d4 12. Nce2 c5 13. c3 dxc3 14. Nxc3 Nb6
15. Nb5 Ke7 16. Ne2 Be6 17. Nec3 Rhd8 18. Be2 Nh5 19. g3 c4 20. f4 Qc5 21. f5
Bd7 22. Nd5+ Nxd5 23. Rxd5 Qb6 24. fxg6 hxg6 25. Re5+ Be6 26. Bxh5 gxh5 27. Rf1
c3 28. Qf6+ Kf8 29. Qh6+ Ke7 30. Nxc3 Rac8 31. Rxh5 Qd4 32. Qg5+ f6 33. Rh7+
Bf7 34. Rxf7+ Kxf7 35. Qh5+ Kg7 36. Qg4+ Kf8 37. Qf4 Rxc3+ 38. bxc3 Qxc3+ 39.
Kb1 Qb4+ 40. Ka1 Qc3+ 41. Kb1 Qb4+ 1/2-1/2

[Event "Schachfestival Basel"]
[Site "?"]
[Date "2017.01.04"]
[Round "4.30"]
[White "Paul, Mathias"]
[Black "Arcuti, Davide"]
[Result "0-1"]
[WhiteElo "2135"]
[BlackElo "2269"]
[PlyCount "90"]
[EventDate "2017.01.??"]
[EventType "swiss"]
[EventRounds "9"]

1. e4 e5 2. f4 exf4 3. Bc4 g5 4. Qh5 Qe7 5. d3 h6 6. Nc3 Nf6 7. Qe2 Bg7 8. e5
Nh7 9. Nd5 Qd8 10. h4 O-O 11. hxg5 Nxg5 12. Bxf4 c6 13. Ne3 d5 14. exd6 Qf6 15.
Qf2 Qxb2 16. Rd1 Be6 17. Ne2 Nd7 18. Ng3 Qc3+ 19. Kf1 Ne5 20. Ngf5 Ng6 21.
Nxh6+ Bxh6 22. Rxh6 Qf6 23. Bg3 Qxf2+ 24. Kxf2 b5 25. Bb3 a5 26. c4 a4 27. Bc2
b4 28. d4 b3 29. axb3 axb3 30. Bxb3 Ne4+ 31. Kf3 Ng5+ 32. Ke2 Ne4 33. Be1 Nxd6
34. d5 cxd5 35. cxd5 Bd7 36. Bc2 Kg7 37. Rh1 Rfe8 38. Bc3+ f6 39. Kd2 Ra2 40.
Rc1 Ne4+ 41. Kd3 Nxc3 42. Bb3 Re2 43. Nc4 Nxd5 44. Nd6 Ndf4+ 45. Kd4 Rd2+ 0-1

[Event "Schachfestival Basel"]
[Site "?"]
[Date "2017.01.04"]
[Round "4.31"]
[White "Nandhidhaa, PV."]
[Black "Kolb, Markus"]
[Result "1-0"]
[WhiteElo "2268"]
[BlackElo "2091"]
[PlyCount "103"]
[EventDate "2017.01.??"]
[EventType "swiss"]
[EventRounds "9"]

1. b3 d5 2. Bb2 c5 3. e3 Nf6 4. Nf3 Bg4 5. d4 e6 6. Be2 Nc6 7. O-O Be7 8. Nbd2
O-O 9. h3 Bh5 10. c4 cxd4 11. Nxd4 Bxe2 12. Qxe2 Nxd4 13. Bxd4 a6 14. Rfd1 Rc8
15. e4 dxc4 16. Nxc4 Qc7 17. Nb6 Rcd8 18. Rac1 Qf4 19. Bxf6 Bxf6 20. g3 Rxd1+
21. Rxd1 Qc7 22. Qe3 Rd8 23. Rc1 Qe5 24. Nc4 Qh5 25. Kg2 Bd4 26. Qf3 Qc5 27.
Rc2 h6 28. Ne3 Qe7 29. Ng4 h5 30. Ne3 g6 31. Qf4 Bxe3 32. Qxe3 Qd6 33. Qf3 e5
34. Qe3 Kg7 35. Rc5 Qd2 36. Qf3 Rd3 37. Rd5 Rxd5 38. exd5 Qd4 39. d6 e4 40. Qf4
f5 41. g4 hxg4 42. hxg4 Qd5 43. gxf5 gxf5 44. Qg5+ Kh7 45. Qe7+ Kh6 46. Kg3 Qc5
47. Qe6+ Kg5 48. d7 Qc3+ 49. Kh2 Qh8+ 50. Kg2 Qg7 51. d8=Q+ Kf4+ 52. Kf1 1-0

[Event "Schachfestival Basel"]
[Site "?"]
[Date "2017.01.04"]
[Round "4.32"]
[White "Haag, Gregor"]
[Black "Braeunlin, Klaus"]
[Result "1-0"]
[WhiteElo "2251"]
[BlackElo "1965"]
[PlyCount "71"]
[EventDate "2017.01.??"]
[EventType "swiss"]
[EventRounds "9"]

1. d4 g6 2. c4 Bg7 3. e4 d6 4. Nc3 e5 5. dxe5 Bxe5 6. Qc2 Bg7 7. Nf3 Bg4 8. Be2
Nc6 9. O-O Bxf3 10. Bxf3 Nd4 11. Qa4+ Qd7 12. Qxd7+ Kxd7 13. Bg4+ f5 14. Bh3
Rf8 15. Be3 Ne7 16. Rad1 c5 17. Bxd4 cxd4 18. Ne2 Nc6 19. Ng3 Ne7 20. Ne2 Nc6
21. exf5 gxf5 22. b4 Nxb4 23. Rb1 d3 24. Ng3 Bc3 25. Rb3 Nxa2 26. Ra3 Kc7 27.
Bxf5 Rxf5 28. Nxf5 Nc1 29. Rxc1 Bb2 30. Raa1 Kc6 31. Rd1 Bxa1 32. Rxa1 Kc5 33.
Rxa7 Rb8 34. Ne3 Kd4 35. Ra5 Kc3 36. g4 1-0

[Event "Schachfestival Basel"]
[Site "?"]
[Date "2017.01.04"]
[Round "4.33"]
[White "Kozak, Adam"]
[Black "Xheladini, Mahmut"]
[Result "1-0"]
[WhiteElo "2376"]
[BlackElo "2171"]
[PlyCount "71"]
[EventDate "2017.01.??"]
[EventType "swiss"]
[EventRounds "9"]

1. d4 Nc6 2. Nf3 d6 3. c4 Bg4 4. d5 Bxf3 5. exf3 Ne5 6. f4 Nd7 7. Be3 Qc8 8.
Nc3 g6 9. Bd4 Ngf6 10. g4 Rg8 11. Be2 Nb6 12. g5 Nfd7 13. Rc1 f5 14. h4 Bg7 15.
Be3 Nf8 16. O-O Qd7 17. b4 Bxc3 18. Rxc3 e5 19. Ra3 Rh8 20. Qa1 Qg7 21. fxe5
dxe5 22. f4 h6 23. Qxe5+ Qxe5 24. fxe5 hxg5 25. Bxg5 Nh7 26. Be3 Nf8 27. h5 Rg8
28. e6 Nc8 29. hxg6 Nxg6 30. Rxf5 b5 31. Rg5 bxc4 32. Bc5 Nce7 33. Bxc4 Rh8 34.
Rf3 Rh7 35. Bd3 Nh4 36. Rg8+ 1-0

[Event "Schachfestival Basel"]
[Site "?"]
[Date "2017.01.04"]
[Round "4.34"]
[White "Muetsch, Annmarie"]
[Black "Engel, Luis"]
[Result "0-1"]
[WhiteElo "2163"]
[BlackElo "2373"]
[PlyCount "74"]
[EventDate "2017.01.??"]
[EventType "swiss"]
[EventRounds "9"]

1. e4 c5 2. Nf3 d6 3. d4 cxd4 4. Nxd4 Nf6 5. Nc3 a6 6. f4 Qc7 7. Bd3 g6 8. O-O
Bg7 9. Kh1 O-O 10. a4 Nbd7 11. Nf3 b6 12. Qe2 Nc5 13. Bd2 Bb7 14. Rae1 Rfd8 15.
b4 Nxd3 16. cxd3 Rdc8 17. Rc1 Qd7 18. Qf2 Rab8 19. Ng1 Bc6 20. a5 bxa5 21. bxa5
Rb2 22. Qe1 d5 23. Nf3 dxe4 24. dxe4 Bb7 25. Rd1 Rc2 26. e5 Nd5 27. Nxd5 Qxd5
28. Be3 Qa2 29. Ra1 Qc4 30. Qd1 Bh6 31. Rb1 Ba8 32. Rc1 Qe4 33. Rxc2 Rxc2 34.
Bc1 Ra2 35. Re1 Qd5 36. Bd2 Qc4 37. Rf1 Bxf3 0-1

[Event "Schachfestival Basel"]
[Site "?"]
[Date "2017.01.04"]
[Round "4.35"]
[White "Schweizer, Simon"]
[Black "Pratyusha, Bodda"]
[Result "1-0"]
[WhiteElo "2131"]
[BlackElo "2247"]
[PlyCount "65"]
[EventDate "2017.01.??"]
[EventType "swiss"]
[EventRounds "9"]

1. e4 e5 2. Nf3 Nc6 3. Nc3 Nf6 4. g3 d5 5. exd5 Nxd5 6. Bg2 Be6 7. O-O Bc5 8.
Re1 O-O 9. d3 h6 10. Bd2 Bd6 11. a3 a6 12. Qc1 f5 13. b4 Nxc3 14. Bxc3 Bd5 15.
Qb2 f4 16. Nxe5 Bxg2 17. Kxg2 Bxe5 18. Bxe5 f3+ 19. Kh1 Qd7 20. Re4 Rae8 21. g4
Re7 22. Rae1 Rfe8 23. d4 Nxd4 24. Rxd4 Rxe5 25. Rxe5 Rxe5 26. h3 Qe7 27. Qb3+
Kh8 28. Qxf3 c5 29. Rf4 Re1+ 30. Kg2 Kg8 31. Qd5+ Kh8 32. Rf7 Qe2 33. Rf8+ 1-0

[Event "Schachfestival Basel"]
[Site "?"]
[Date "2017.01.04"]
[Round "4.36"]
[White "Probst, Andreas"]
[Black "Yakimenko, Alexander"]
[Result "1/2-1/2"]
[WhiteElo "2093"]
[BlackElo "2242"]
[PlyCount "105"]
[EventDate "2017.01.??"]
[EventType "swiss"]
[EventRounds "9"]

1. e4 e5 2. Nf3 d6 3. d4 Nf6 4. Nc3 Nbd7 5. Bc4 Be7 6. dxe5 dxe5 7. Bxf7+ Kxf7
8. Ng5+ Kg6 9. h4 h5 10. Qf3 Nc5 11. Qg3 Ng4 12. f3 Ne6 13. fxg4 Nxg5 14. Bxg5
Bxg5 15. Rd1 Bf4 16. gxh5+ Kxh5 17. Qf3+ Bg4 18. Rxd8 Raxd8 19. Qf2 Rhf8 20.
O-O Bh2+ 21. Kxh2 Rxf2 22. Rxf2 Kxh4 23. Nd5 Rd7 24. Rf8 Be6 25. Ne3 Kg5 26.
Kg3 Kg6 27. a3 Rd4 28. Kf3 Rd7 29. Kg3 a5 30. Rf1 Rd2 31. Rd1 Rd4 32. Kf3 Kg5
33. Rxd4 exd4 34. Nf1 Bg4+ 35. Kg3 Bd1 36. c3 dxc3 37. bxc3 b5 38. Ne3 Be2 39.
Nf5 c5 40. Nxg7 Kf6 41. Ne8+ Ke5 42. Kf2 Bh5 43. Nc7 Kxe4 44. Nxb5 Kd3 45. Nd6
c4 46. Nb7 a4 47. Nc5+ Kxc3 48. Nxa4+ Kd4 49. Ke1 Be8 50. Nb2 c3 51. Nd1 c2 52.
Kd2 cxd1=Q+ 53. Kxd1 1/2-1/2

[Event "Schachfestival Basel"]
[Site "?"]
[Date "2017.01.04"]
[Round "4.37"]
[White "Bethke, Richard"]
[Black "Heinemann, Josefine"]
[Result "0-1"]
[WhiteElo "2055"]
[BlackElo "2227"]
[PlyCount "76"]
[EventDate "2017.01.??"]
[EventType "swiss"]
[EventRounds "9"]

1. e4 c5 2. Nf3 d6 3. d4 cxd4 4. Nxd4 Nf6 5. Nc3 a6 6. Be3 e6 7. Be2 Nbd7 8.
Nb3 b5 9. a3 Bb7 10. Bf3 Ne5 11. O-O Be7 12. Qe2 O-O 13. Rad1 Qc7 14. Nd2 Nxf3+
15. Qxf3 d5 16. exd5 Nxd5 17. Bd4 Nxc3 18. Qg4 Ne2+ 19. Qxe2 Qxc2 20. Rc1 Qg6
21. f4 Bd6 22. Rc3 Qf5 23. Rg3 f6 24. Re3 Qd5 25. Nf3 Bxf4 26. Rxe6 Be5 27.
Rxe5 fxe5 28. Bxe5 Rae8 29. Re1 Qc5+ 30. Bd4 Rxe2 31. Bxc5 Bxf3 32. Rxe2 Bxe2
33. Bxf8 Kxf8 34. Kf2 Bc4 35. Ke3 Ke7 36. Kd4 Kd6 37. a4 Bf1 38. axb5 axb5 0-1

[Event "Schachfestival Basel"]
[Site "?"]
[Date "2017.01.04"]
[Round "4.38"]
[White "Vulevic, Vjekoslav"]
[Black "Jaber, Daniel"]
[Result "1-0"]
[WhiteElo "2225"]
[BlackElo "2135"]
[PlyCount "71"]
[EventDate "2017.01.??"]
[EventType "swiss"]
[EventRounds "9"]

1. e4 e6 2. Qe2 c5 3. Nf3 Nc6 4. g3 d6 5. c3 Be7 6. Bg2 Nf6 7. O-O O-O 8. a3
Na5 9. b4 Nb3 10. Ra2 Nxc1 11. Rxc1 d5 12. e5 Nd7 13. d3 Rb8 14. b5 b6 15. a4
Bb7 16. c4 Qc7 17. Re1 Rfd8 18. Nbd2 Nf8 19. h4 Rd7 20. a5 Rbd8 21. a6 Ba8 22.
Nf1 dxc4 23. dxc4 Rd3 24. N3d2 Bxg2 25. Kxg2 f6 26. exf6 Bxf6 27. Nf3 Bc3 28.
Rc1 Bf6 29. Rcc2 Kf7 30. Qe4 R3d7 31. N1h2 Kg8 32. h5 Re8 33. Ng4 e5 34. h6 Ng6
35. hxg7 Bxg7 36. Rc1 1-0

[Event "Schachfestival Basel"]
[Site "?"]
[Date "2017.01.04"]
[Round "4.39"]
[White "Faraone, Ettore"]
[Black "Srienz, Christian"]
[Result "1/2-1/2"]
[WhiteElo "2033"]
[BlackElo "2223"]
[PlyCount "39"]
[EventDate "2017.01.??"]
[EventType "swiss"]
[EventRounds "9"]

1. e4 c6 2. d4 d5 3. Nc3 dxe4 4. Nxe4 Nf6 5. Ng3 Nbd7 6. Nf3 e6 7. Bd3 c5 8.
O-O Be7 9. Re1 O-O 10. c3 b6 11. Qe2 Bb7 12. Ng5 Re8 13. Nxf7 Qc7 14. Qxe6 Bd5
15. Nh6+ Kh8 16. Qf5 gxh6 17. Bxh6 Bf7 18. Qf3 Bd5 19. Qf5 Bf7 20. Qf3 1/2-1/2

[Event "Schachfestival Basel"]
[Site "?"]
[Date "2017.01.04"]
[Round "4.40"]
[White "Halfhide, Sebastian"]
[Black "Biastoch, Bennet"]
[Result "1/2-1/2"]
[WhiteElo "2222"]
[BlackElo "2134"]
[PlyCount "124"]
[EventDate "2017.01.??"]
[EventType "swiss"]
[EventRounds "9"]

1. e4 c5 2. Nf3 Nc6 3. d4 cxd4 4. Nxd4 e5 5. Nb5 d6 6. N1c3 a6 7. Na3 b5 8. Nd5
Nge7 9. c4 Nxd5 10. exd5 Nd4 11. cxb5 g6 12. Be3 Bg7 13. Bd3 O-O 14. bxa6 Qa5+
15. Bd2 Qxd5 16. O-O Bxa6 17. Bxa6 Rxa6 18. Bc3 Rc8 19. Bxd4 Qxd4 20. Qe2 Rb6
21. Nb5 Qb4 22. a4 e4 23. Rad1 Qxa4 24. Nxd6 Rcb8 25. Qxe4 Qxe4 26. Nxe4 Rxb2
27. g3 Re2 28. Rfe1 Rxe1+ 29. Rxe1 Rb2 30. Kf1 Bd4 31. Re2 Rb6 32. Rd2 Be5 33.
Rd5 Bb2 34. Kg2 h6 35. h4 Re6 36. Kf3 Kg7 37. h5 gxh5 38. Rxh5 Bd4 39. Rd5 Be5
40. Nc5 Rf6+ 41. Kg2 Bb2 42. Nd3 Bc3 43. Nf4 Rc6 44. g4 Kf6 45. Nh5+ Ke6 46.
Nf4+ Kf6 47. Rf5+ Ke7 48. Nh5 Ke6 49. Ng3 Be5 50. Rh5 Bxg3 51. Rxh6+ f6 52.
Kxg3 Kf7 53. Rh5 Rc3+ 54. Kh4 Kg6 55. Rf5 Ra3 56. f3 Rb3 57. Kg3 Ra3 58. Rd5
Rb3 59. Kf4 Rb4+ 60. Ke3 Rb1 61. Ke4 Re1+ 62. Kf4 Ra1 1/2-1/2

[Event "Schachfestival Basel"]
[Site "?"]
[Date "2017.01.04"]
[Round "4.41"]
[White "Furman, Boris"]
[Black "Lumsdon, Andrew"]
[Result "0-1"]
[WhiteElo "2205"]
[BlackElo "1994"]
[PlyCount "69"]
[EventDate "2017.01.??"]
[EventType "swiss"]
[EventRounds "9"]

1. d4 Nf6 2. c4 c5 3. d5 b5 4. cxb5 a6 5. bxa6 Bxa6 6. Nc3 d6 7. e4 Bxf1 8.
Kxf1 g6 9. g3 Bg7 10. Nf3 O-O 11. Kg2 Nbd7 12. a4 Qa5 13. Bd2 Qa6 14. Qc2 e6
15. dxe6 fxe6 16. Rhe1 Ng4 17. Re2 Rab8 18. Rb1 Bd4 19. Nb5 Rxb5 20. axb5 Qxb5
21. Bc3 Bxf2 22. Qd2 d5 23. exd5 Bd4 24. Rf1 e5 25. h3 Nh6 26. Nxd4 cxd4 27.
Rxf8+ Nxf8 28. Rxe5 dxc3 29. bxc3 Nf7 30. Re7 Nd6 31. g4 Qc4 32. Kh2 Qc5 33.
Re2 Nb5 34. Re3 Nd7 35. Rg3 0-1

[Event "Schachfestival Basel"]
[Site "?"]
[Date "2017.01.04"]
[Round "4.42"]
[White "Pajeken, Jakob Leon"]
[Black "Lorscheid, Gerhard"]
[Result "0-1"]
[WhiteElo "1977"]
[BlackElo "2203"]
[PlyCount "96"]
[EventDate "2017.01.??"]
[EventType "swiss"]
[EventRounds "9"]

1. e4 d6 2. d4 Nf6 3. Nc3 e5 4. Nf3 Nbd7 5. Bc4 Be7 6. O-O Nb6 7. Bd3 exd4 8.
Nxd4 O-O 9. Re1 c5 10. Nf3 Bg4 11. h3 Bh5 12. Bf4 Re8 13. Bb5 Rf8 14. Bf1 a6
15. g4 Bg6 16. Qd2 Qd7 17. Rad1 Rad8 18. b3 Qc8 19. Qc1 Rfe8 20. Bg2 d5 21. Ne5
Bxe4 22. Bxe4 Nxe4 23. Nxe4 dxe4 24. Rxe4 f5 25. Re3 g5 26. Bh2 f4 27. Red3 Bf6
28. Nf3 c4 29. Rxd8 Rxd8 30. bxc4 Nxc4 31. Rxd8+ Qxd8 32. Qf1 Qd5 33. h4 h6 34.
Qe2 Kf7 35. c3 Qe6 36. Qd3 Qxg4+ 37. Kh1 Ne3 38. Qh7+ Kf8 39. Qxh6+ Ke7 40.
Qh7+ Kf8 41. Qh6+ Ke7 42. Qh7+ Kd6 43. Qd3+ Kc5 44. Ne1 Qd1 45. fxe3 Qxe1+ 46.
Kg2 f3+ 47. Kxf3 Qh1+ 48. Kg4 Qxh2 0-1